书目信息 |
| 题名: |
科学技术革命与世界价格
|
|
| 作者: | 普宁 , Пунин 著 ;赵盛武 , 王冰 译 | |
| 分册: | ||
| 出版信息: | 北京 中国社会科学出版社 1982 |
|
| 页数: | 210页 | |
| 开本: | 19cm | |
| 丛书名: | ||
| 单 册: | ||
| 中图分类: | F03 | |
| 科图分类: | ||
| 主题词: | 资本主义经济-价格--研究 , 价格-资本主义经济--研究 , 资本主义社会--生产方式 | |
| 电子资源: | ||
| ISBN: | ||
| 000 | 01129nam0 2200325 45 | |
| 001 | 0182008447 | |
| 005 | 20040421145626.4 | |
| 010 | @dCNY0.65 | |
| 091 | @a4190.082 | |
| 100 | @a19950422d1982 kemy0chiy0121 ea | |
| 101 | 1 | @achi@crus |
| 102 | @aCN@b110000 | |
| 105 | @ay z 000yy | |
| 106 | @ar | |
| 200 | 10 | @a科学技术革命与世界价格@Ake xue ji shu ge ming yu shi jie jia ge@e资本主义市场价格形成的理论和实践@f(苏)普宁(Е.И. Пунин)著@g赵盛武,王冰译 |
| 210 | @a北京@c中国社会科学出版社@d1982 | |
| 215 | @a210页@d19cm | |
| 300 | @a书名原文:Научно-техническая революция и мировые цены | |
| 510 | 1 | @aНаучно-техническая революция и мировые цены@zrus |
| 606 | @a资本主义经济-价格@x研究 | |
| 606 | @a价格-资本主义经济@x研究 | |
| 606 | 0 | @a资本主义社会@x生产方式 |
| 690 | @aF03 | |
| 701 | 1 | @a普宁@Apu ning@4著 |
| 701 | A1 | @aПунин@bЕ.И.@4著 |
| 702 | 0 | @a赵盛武@Azhao sheng wu@4译 |
| 702 | 0 | @a王冰@Awang bing@4译 |
| 801 | 0 | @aCN@b上海图书馆@c20040421 |
| 801 | 2 | @aCN@bNLC@c20040421 |
| 905 | @f2@b177552-553@dF03@e24 | |
| 科学技术革命与世界价格:资本主义市场价格形成的理论和实践/(苏)普宁(Е.И. Пунин)著/赵盛武,王冰译.-北京:中国社会科学出版社,1982 |
| 210页;19cm |
| 书名原文:Научно-техническая революция и мировые цены |
| ISBN :CNY0.65 |
| ● |
| 相关链接 |
|
|
|
|
正题名:科学技术革命与世界价格
索取号:F03/24
 
预约/预借
| 序号 | 登录号 | 条形码 | 馆藏地/架位号 | 状态 | 备注 |
| 1 | 0065653 | 001271260 | 第一样本阅览室/ [索取号:F03/24] | 在馆 | |
| 2 | 0177552 | 001271251 | 第一借阅区/ [索取号:F03/24] | 在馆 |